FIFA 15 Team Of The Season Players from Bundesliga - Statistics

General Stats
  • This quiz has been taken 302 times
  • The average score is 10 of 18
Answer Stats
Hint Answer % Correct
GK Manuel Neuer Bayern Munich
100%
ST Robert Lewandowski Bayern Munich
87%
CB Jerome Boateng Bayern Munich
81%
RM Arjen Robben Bayern Munich
78%
CF Thomas Muller Bayern Munich
78%
GK Ralf Fahrmann Schalke 04
73%
ST Pierre-Emerick Aubameyang Borussia Dortmund
68%
CAM Kevin De Bruyne Wolfsburg
63%
CB Naldo Wolfsburg
58%
RM Karim Bellarabi Bayer Leverkusen
55%
LB Ricardo Rodriguez Wolfsburg
54%
ST Alexander Meier Eintracht Frankfurt
51%
RM Patrick Herrmann Borussia Monchengladbach
48%
CM Pascal Gross Ingolstadt (Bundesliga 2)
26%
CM Zlatko Junuzovic Werder Bremen
21%
CDM Gonzalo Castro Bayer Leverkusen
19%
CB Tony Jantschke Borussia Monchengladbach
19%
RB Paul Verhaegh Augsburg
16%
No matching quizzes found
Score Distribution
Percent of People with Each Score
Percentile by Number Answered
Your Score History
You have not taken this quiz